Gender mainstreaming in poverty eradication and the millennium development goals : (Record no. 3362)
[ view plain ]
| 000 -LEADER | |
|---|---|
| fixed length control field | 01050cam a2200325 a 4500 |
| 001 - CONTROL NUMBER | |
| control field | 13559058 |
| 003 - CONTROL NUMBER IDENTIFIER | |
| control field | OSt |
| 005 - DATE AND TIME OF LATEST TRANSACTION | |
| control field | 20161024193047.0 |
| 008 - FIXED-LENGTH DATA ELEMENTS--GENERAL INFORMATION | |
| fixed length control field | 030804s2003 enka b 000 0 eng |
| 010 ## - LIBRARY OF CONGRESS CONTROL NUMBER | |
| LC control number | 2004381410 |
| 015 ## - NATIONAL BIBLIOGRAPHY NUMBER | |
| National bibliography number | GBA3-25623 |
| 016 ## - NATIONAL BIBLIOGRAPHIC AGENCY CONTROL NUMBER | |
| Record control number | 20030122767 |
| 020 ## - INTERNATIONAL STANDARD BOOK NUMBER | |
| International Standard Book Number | 0850927528 |
| 020 ## - INTERNATIONAL STANDARD BOOK NUMBER | |
| International Standard Book Number | 978-0850927528 |
| 035 ## - SYSTEM CONTROL NUMBER | |
| System control number | (OCoLC)ocm51964217 |
| 040 ## - CATALOGING SOURCE | |
| Original cataloging agency | NLC |
| Language of cataloging | eng |
| Modifying agency | NLC |
| -- | UKM |
| -- | CUS |
| Transcribing agency | DLC |
| 042 ## - AUTHENTICATION CODE | |
| Authentication code | lccopycat |
| 043 ## - GEOGRAPHIC AREA CODE | |
| Geographic area code | d------ |
| 050 00 - LIBRARY OF CONGRESS CALL NUMBER | |
| Classification number | HQ1240 |
| Item number | .K32 2003 |
| 082 00 - DEWEY DECIMAL CLASSIFICATION NUMBER | |
| Classification number | 305.3 |
| Edition number | 22 |
| Item number | KAB 2003 |
| 100 1# - MAIN ENTRY--PERSONAL NAME | |
| Personal name | Kabeer, Naila. |
| 9 (RLIN) | 6931 |
| 245 10 - TITLE STATEMENT | |
| Title | Gender mainstreaming in poverty eradication and the millennium development goals : |
| Remainder of title | a handbook for policy-makers and other stakeholders |
| 260 ## - PUBLICATION, DISTRIBUTION, ETC. (IMPRINT) | |
| Place of publication, distribution, etc. | London : |
| Name of publisher, distributor, etc. | International Development research Centre, |
| Date of publication, distribution, etc. | 2003. |
| 300 ## - PHYSICAL DESCRIPTION | |
| Extent | xix, 245 p. : |
| Other physical details | ill. ; |
| Dimensions | 26 cm. |
| 504 ## - BIBLIOGRAPHY, ETC. NOTE | |
| Bibliography, etc | Includes bibliographical references: p. 235-242. |
| 650 #0 - SUBJECT ADDED ENTRY--TOPICAL TERM | |
| Topical term or geographic name as entry element | Gender mainstreaming |
| 9 (RLIN) | 11241 |
| 650 #0 - SUBJECT ADDED ENTRY--TOPICAL TERM | |
| Topical term or geographic name as entry element | Poverty |
| 9 (RLIN) | 7524 |
| 906 ## - LOCAL DATA ELEMENT F, LDF (RLIN) | |
| a | 7 |
| b | cbc |
| c | copycat |
| d | 2 |
| e | ncip |
| f | 20 |
| g | y-gencatlg |
| 942 ## - ADDED ENTRY ELEMENTS (KOHA) | |
| Source of classification or shelving scheme | Dewey Decimal Classification |
| Koha item type | Short Loan |
| Withdrawn status | Lost status | Source of classification or shelving scheme | Damaged status | Not for loan | Home library | Current library | Date acquired | Source of acquisition | Inventory number | Total Checkouts | Full call number | Barcode | Date last seen | Koha item type |
|---|---|---|---|---|---|---|---|---|---|---|---|---|---|---|
| Dewey Decimal Classification | MUST Main Library | MUST Main Library | 31/03/2016 | Purchase | 08/30941 | 305.3 KAB 2003 | 2016-0571 | 31/03/2016 | Short Loan | |||||
| Dewey Decimal Classification | MUST Main Library | MUST Main Library | 07/11/2019 | Purchase | 17/40601 | 305.3 KAB 2003 | 2019-0606 | 07/11/2019 | Open Shelf |
